[Event "ch-USA w 2022"]
[Site "Saint Louis USA"]
[Date "2022.10.05"]
[Round "1.1"]
[White "Zatonskih, Anna"]
[Black "Yu, Jennifer"]
[Result "0-1"]
[WhiteTitle "IM"]
[BlackTitle "FM"]
[WhiteElo "2368"]
[BlackElo "2297"]
[WhiteFideId "14101572"]
[BlackFideId "2078341"]
[EventDate "2022.10.05"]

1. d4 Nf6 2. c4 e6 3. Nc3 Bb4 4. Bd2 O-O 5. a3 Bxc3 6. Bxc3 d5 7. e3 b6 8. Nf3
Bb7 9. Be2 Ne4 10. Rc1 Nd7 11. O-O Rc8 12. b4 Nxc3 13. Rxc3 c5 14. cxd5 Bxd5 15.
dxc5 bxc5 16. Qc2 cxb4 17. axb4 Rxc3 18. Qxc3 Qb8 19. Rc1 Nf6 20. Nd4 Ne4 21.
Qa3 h6 22. b5 Rc8 23. Nc6 Bxc6 24. bxc6 Qb6 25. Bd3 Nf6 26. Qa4 Nd5 27. Qa6 Qxa6
28. Bxa6 Rc7 29. Kf1 Kf8 30. e4 Nb4 31. Bb5 Ke7 32. Ke2 Kd6 33. Rd1+ Kc5 34. Ba4
Nxc6 35. Bxc6 Kxc6 36. Rc1+ Kd7 37. Ra1 Kd6 38. Ke3 Kc5 39. Rc1+ Kb6 40. Rb1+
Ka5 41. Ra1+ Kb4 42. Rb1+ Ka3 43. Ra1+ Kb2 44. Ra5 Kb3 45. Ra1 Rd7 46. h4 e5 47.
h5 Kb4 48. Rb1+ Kc5 49. Rc1+ Kd6 50. Ra1 Rb7 51. g3 Kc6 52. Rc1+ Kb6 53. Rb1+
Kc7 54. Rc1+ Kb8 55. Ra1 Rb3+ 56. Kd2 Kb7 57. Ra5 f6 58. Rd5 Kc6 59. Rd8 Rb7 60.
Kc3 a5 61. f4 exf4 62. gxf4 Re7 63. Rd4 Ra7 64. Kb3 a4+ 65. Ka3 Kc5 66. Rb4 Rd7
67. Rxa4 Rb7 68. e5 fxe5 69. fxe5 Kd5 70. Rg4 Kxe5 71. Rg6 Kd4 72. Ka4 Ke3 73.
Ka5 Kf3 74. Ka4 Re7 75. Kb3 Re3+ 76. Kc4 Re4+ 77. Kd5 Rg4 78. Ke6 Rg5 79. Rxg5
hxg5 80. Kf5 g4 81. Kg6 g3 82. Kxg7 g2 83. h6 g1=Q+ 84. Kh8 Qd4+ 0-1

[Event "ch-USA w 2022"]
[Site "Saint Louis USA"]
[Date "2022.10.05"]
[Round "1.3"]
[White "Foisor, Sabina-Francesca"]
[Black "Paikidze, Nazi"]
[Result "1/2-1/2"]
[WhiteTitle "WGM"]
[BlackTitle "IM"]
[WhiteElo "2203"]
[BlackElo "2354"]
[WhiteFideId "1212915"]
[BlackFideId "13603620"]
[EventDate "2022.10.05"]

1. d4 Nf6 2. Nf3 e6 3. e3 b6 4. Bd3 Bb7 5. b3 Be7 6. Bb2 c5 7. O-O O-O 8. Nbd2
d6 9. Qe2 Nbd7 10. c4 Re8 11. Rac1 Bf8 12. Bb1 e5 13. d5 b5 14. h4 g6 15. g3 Bg7
16. e4 a6 17. Bd3 b4 18. Ng5 Nh5 19. Rce1 Bc8 20. Qf3 Rf8 21. Qg2 h6 22. Nh3 f5
23. f4 Ra7 24. exf5 gxf5 25. Be2 Qe8 26. g4 Nxf4 27. Nxf4 exf4 28. Bxg7 Kxg7 29.
gxf5+ Kh8 30. Qe4 Ne5 31. Rxf4 Bxf5 32. Rxf5 Qg6+ 33. Bg4 Rg8 34. Rf4 Qh5 35.
Nf3 Nxg4 36. Kf1 Rag7 37. Re2 Ne5 38. Re3 Ng4 39. Re2 Ne5 40. Re3 Ng4 41. Re2 1/2-1/2

[Event "ch-USA w 2022"]
[Site "Saint Louis USA"]
[Date "2022.10.05"]
[Round "1.4"]
[White "Lee, Megan"]
[Black "Wu, Rochelle"]
[Result "1-0"]
[WhiteTitle "WIM"]
[BlackTitle "FM"]
[WhiteElo "2226"]
[BlackElo "2317"]
[WhiteFideId "2029618"]
[BlackFideId "30908132"]
[EventDate "2022.10.05"]

1. e4 c5 2. Nf3 e6 3. d4 cxd4 4. Nxd4 Nf6 5. Bd3 Nc6 6. c3 d5 7. Nxc6 bxc6 8.
Qe2 Nxe4 9. Bxe4 dxe4 10. Qxe4 Qd5 11. Nd2 Ba6 12. Qxd5 cxd5 13. Nb3 Rb8 14. Bf4
Rc8 15. O-O-O Be7 16. Rhe1 O-O 17. Kc2 Rfd8 18. Be3 Rd7 19. Bd4 Bc4 20. Nd2 Bb5
21. f4 Rc6 22. Ra1 f6 23. a4 Ba6 24. Rab1 Rb7 25. Nb3 Rbc7 26. Na5 Rd6 27. b4
Bc8 28. b5 Bd7 29. Kb2 Kf7 30. Nb3 Be8 31. Re2 Rc4 32. Ra1 a6 33. Nd2 Rxd4 34.
cxd4 axb5 35. axb5 Bxb5 36. Re3 Rd7 37. Ra5 Bc6 38. Ra6 Rb7+ 39. Rb3 Rxb3+ 40.
Nxb3 Bb5 41. Ra7 Bf1 42. g3 Bh3 43. Na5 Kf8 44. Nc6 Bd6 45. Rd7 1-0

[Event "ch-USA w 2022"]
[Site "Saint Louis USA"]
[Date "2022.10.05"]
[Round "1.5"]
[White "Eswaran, Ashritha"]
[Black "Lee, Alice"]
[Result "0-1"]
[WhiteTitle "FM"]
[BlackTitle "FM"]
[WhiteElo "2365"]
[BlackElo "2263"]
[WhiteFideId "2080788"]
[BlackFideId "30941822"]
[EventDate "2022.10.05"]

1. c4 c6 2. Nf3 d5 3. e3 Nf6 4. Nc3 e6 5. b3 Nbd7 6. Bb2 Bd6 7. Qc2 O-O 8. Rg1
Re8 9. g4 Nf8 10. g5 N6d7 11. h4 a6 12. h5 b5 13. Bd3 Bb7 14. g6 fxg6 15. Ng5
bxc4 16. bxc4 h6 17. Nf7 Kxf7 18. Bxg6+ Ke7 19. Bxe8 Qxe8 20. Rxg7+ Kd8 21. Qa4
Qxh5 22. cxd5 exd5 23. Qa5+ Ke8 24. Ba3 c5 25. Rb1 d4 26. exd4 Qh1+ 27. Ke2 Bf3+
28. Kd3 Be4+ 29. Nxe4 Qxb1+ 30. Ke3 cxd4+ 31. Kxd4 Ne6+ 32. Ke3 Bf4+ 33. Kf3
Ne5+ 34. Ke2 Qxe4+ 35. Kd1 Nxg7 36. Qc5 Qf3+ 37. Kc2 Qc6 0-1

[Event "ch-USA w 2022"]
[Site "Saint Louis USA"]
[Date "2022.10.05"]
[Round "1.6"]
[White "Tokhirjonova, Gulrukhbegim"]
[Black "Morris-Suzuki, Sophie"]
[Result "1-0"]
[WhiteTitle "WGM"]
[BlackTitle "WFM"]
[WhiteElo "2336"]
[BlackElo "2126"]
[WhiteFideId "14203626"]
[BlackFideId "30922615"]
[EventDate "2022.10.05"]

1. e4 c5 2. Nf3 d6 3. Bb5+ Bd7 4. a4 Nc6 5. O-O Nf6 6. Re1 a6 7. Bf1 Bg4 8. h3
Bh5 9. g4 Bg6 10. Nc3 e6 11. Bg2 Be7 12. d4 cxd4 13. Nxd4 Nxd4 14. Qxd4 O-O 15.
Be3 Nd7 16. Qd2 Nb6 17. b3 Rc8 18. a5 Nd7 19. Na4 d5 20. Rad1 Rc7 21. Nb6 Nf6
22. exd5 Rxc2 23. Qd4 Nxd5 24. Bxd5 exd5 25. Nxd5 Bf6 26. Qf4 Bh4 27. g5 Qxa5
28. Qxh4 Re8 29. Bd2 Qb5 30. Rxe8+ Qxe8 31. Re1 Qd7 32. Ne7+ Kh8 33. Nxg6+ fxg6
34. Qd4 Qc8 35. Bc3 Qf8 36. Qxg7+ Qxg7 37. Re8# 1-0

[Event "ch-USA w 2022"]
[Site "Saint Louis USA"]
[Date "2022.10.05"]
[Round "1.7"]
[White "Cervantes Landeiro, Thalia"]
[Black "Yan, Ruiyang"]
[Result "1/2-1/2"]
[WhiteTitle "FM"]
[BlackTitle "FM"]
[WhiteElo "2272"]
[BlackElo "2220"]
[WhiteFideId "3520498"]
[BlackFideId "30919860"]
[EventDate "2022.10.05"]

1. d4 Nf6 2. c4 e6 3. Nf3 a6 4. Nc3 d5 5. cxd5 exd5 6. Bg5 Be6 7. e3 Nbd7 8. Bd3
Bd6 9. Qc2 c6 10. Bf4 Qc7 11. Bxd6 Qxd6 12. h3 O-O 13. O-O Rfe8 14. Rac1 a5 15.
Na4 Ne4 16. Nc5 Ndxc5 17. dxc5 Qc7 18. Nd4 Bd7 19. b3 h6 20. a3 f5 21. Ne2 Qe5
22. Rb1 Qe7 23. b4 axb4 24. axb4 Ra3 25. Bxe4 Qxe4 26. Qxe4 Rxe4 27. Nd4 Ra4 28.
b5 f4 29. bxc6 Bxc6 30. Rb6 fxe3 31. fxe3 Rxe3 32. Nxc6 bxc6 33. Rxc6 Ra2 34.
Rf4 Rg3 35. Rc8+ Kh7 36. Rf2 Rxf2 37. Kxf2 Rc3 38. c6 h5 39. c7 d4 40. Rd8 Rxc7
41. Rxd4 Rc5 42. Kf3 Kg6 43. Kf4 Rf5+ 44. Kg3 Rg5+ 45. Kf3 Rf5+ 46. Kg3 Rg5+ 47.
Kf3 Rf5+ 1/2-1/2

[Event "ch-USA w 2022"]
[Site "Saint Louis USA"]
[Date "2022.10.06"]
[Round "2.1"]
[White "Paikidze, Nazi"]
[Black "Lee, Megan"]
[Result "0-1"]
[WhiteTitle "IM"]
[BlackTitle "WIM"]
[WhiteElo "2354"]
[BlackElo "2226"]
[WhiteFideId "13603620"]
[BlackFideId "2029618"]
[EventDate "2022.10.05"]

1. e4 e5 2. Nf3 Nc6 3. d4 exd4 4. Nxd4 Nf6 5. Nxc6 bxc6 6. e5 Qe7 7. Qe2 Nd5 8.
h4 Qe6 9. Nd2 Nb4 10. Nf3 Ba6 11. c4 c5 12. a3 Nc6 13. Bd2 h6 14. Bc3 O-O-O 15.
g3 Be7 16. Nd2 Rhe8 17. Bh3 f5 18. Bg2 Nxe5 19. Bxe5 Bf6 20. f4 d6 21. O-O dxe5
22. Rfe1 e4 23. Rab1 Qd7 24. Nb3 Qd3 25. Na5 Qxg3 26. Nc6 Rd6 27. Ne5 Qxf4 28.
Nf3 Red8 0-1

[Event "ch-USA w 2022"]
[Site "Saint Louis USA"]
[Date "2022.10.06"]
[Round "2.2"]
[White "Morris-Suzuki, Sophie"]
[Black "Cervantes Landeiro, Thalia"]
[Result "1/2-1/2"]
[WhiteTitle "WFM"]
[BlackTitle "FM"]
[WhiteElo "2126"]
[BlackElo "2272"]
[WhiteFideId "30922615"]
[BlackFideId "3520498"]
[EventDate "2022.10.05"]

1. e4 c5 2. Nf3 d6 3. d4 cxd4 4. Nxd4 Nf6 5. Nc3 Bd7 6. Bg5 e6 7. Ndb5 Bxb5 8.
Bxb5+ Nc6 9. Qf3 Be7 10. e5 dxe5 11. Bxc6+ bxc6 12. Qxc6+ Kf8 13. O-O Qc8 14.
Qf3 Rb8 15. Rab1 h6 16. Bh4 Rb4 17. Bg3 e4 18. Qe2 Qc6 19. Rfd1 Kg8 20. Be5 Kh7
21. Rd4 Nd7 22. a3 Rxd4 23. Bxd4 Bf6 24. Qe3 a6 25. Bxf6 Nxf6 26. Qd4 Rb8 27. h3
Rb7 28. Qa4 Rc7 29. Qxc6 Rxc6 30. Rd1 Rb6 31. Na4 Rc6 32. Nc3 Rb6 33. Na4 Rc6
34. Nc3 1/2-1/2

[Event "ch-USA w 2022"]
[Site "Saint Louis USA"]
[Date "2022.10.06"]
[Round "2.3"]
[White "Lee, Alice"]
[Black "Tokhirjonova, Gulrukhbegim"]
[Result "1-0"]
[WhiteTitle "FM"]
[BlackTitle "WGM"]
[WhiteElo "2263"]
[BlackElo "2336"]
[WhiteFideId "30941822"]
[BlackFideId "14203626"]
[EventDate "2022.10.05"]

1. d4 d5 2. c4 dxc4 3. Nf3 Nf6 4. e3 e6 5. Bxc4 c5 6. O-O Nc6 7. dxc5 Qxd1 8.
Rxd1 Bxc5 9. a3 a6 10. b4 Be7 11. Bb2 O-O 12. Nbd2 Bd7 13. Bf1 Rfd8 14. Nc4 Be8
15. Nd4 Rac8 16. Nb6 Rc7 17. Rac1 Kf8 18. Re1 Nd5 19. Nxd5 Rxd5 20. Bd3 Rdd7 21.
Nxc6 Rxd3 22. Nxe7 Rxe7 23. Bd4 Rd7 24. Rc8 f6 25. f4 Ke7 26. g4 Rd8 27. Rc7+
Rd7 28. Rec1 Kd6 29. Rc8 Bg6 30. Kf2 e5 31. Bc5+ Kd5 32. f5 Bf7 33. Kf3 e4+ 34.
Ke2 g6 35. Bf8 Ke5 36. R1c5+ R3d5 37. Rxd5+ Rxd5 38. Rc7 gxf5 39. Rxf7 fxg4 40.
Bg7 Rd6 41. Rxb7 Rc6 42. Bh6 Rc2+ 43. Kd1 Ra2 44. Bf4+ Kd5 45. Rxh7 Kc4 46. Rd7
Kc3 47. Rd4 Rxa3 48. Rxe4 Ra4 49. Rd4 Rxb4 50. Rxb4 Kxb4 51. Kc2 Kc4 52. Kb2 Kb4
53. Bd6+ Kc4 54. Ka3 Kb5 55. Kb3 a5 56. Be7 f5 57. Kc3 Ka4 58. Kd4 1-0

[Event "ch-USA w 2022"]
[Site "Saint Louis USA"]
[Date "2022.10.06"]
[Round "2.4"]
[White "Yu, Jennifer"]
[Black "Yan, Ruiyang"]
[Result "1-0"]
[WhiteTitle "FM"]
[BlackTitle "FM"]
[WhiteElo "2297"]
[BlackElo "2220"]
[WhiteFideId "2078341"]
[BlackFideId "30919860"]
[EventDate "2022.10.05"]

1. Nf3 Nf6 2. c4 e6 3. Nc3 d5 4. e3 c5 5. cxd5 exd5 6. d4 Nc6 7. Be2 cxd4 8.
Nxd4 Bc5 9. Bf3 Ne5 10. O-O O-O 11. h3 Re8 12. Nb3 Nxf3+ 13. Qxf3 Bb6 14. Rd1
Be6 15. Nd4 Rc8 16. Nde2 Ne4 17. Nf4 Nxc3 18. bxc3 Qf6 19. Bb2 Rc4 20. Qh5 Rc5
21. Nxd5 Bxd5 22. Rxd5 g6 23. Qd1 Rxd5 24. Qxd5 Rd8 25. Qb5 Rd2 26. Rf1 Qc6 27.
Qb3 Qf6 28. Bc1 Rd3 29. Qb5 Rd8 30. c4 Rc8 31. Bb2 Qe6 32. Rc1 Rd8 33. c5 Rd5
34. Qb4 Bc7 35. Qxb7 Qd7 36. Qa8+ Qd8 37. Qxd8+ Rxd8 38. Bd4 Rb8 39. g3 h5 40.
Kg2 Rb5 41. g4 hxg4 42. hxg4 Kf8 43. Bf6 Ke8 44. c6 Rb6 45. g5 Ra6 46. Rc4 1-0

[Event "ch-USA w 2022"]
[Site "Saint Louis USA"]
[Date "2022.10.06"]
[Round "2.5"]
[White "Zatonskih, Anna"]
[Black "Abrahamyan, Tatev"]
[Result "1/2-1/2"]
[WhiteTitle "IM"]
[BlackTitle "WGM"]
[WhiteElo "2368"]
[BlackElo "2308"]
[WhiteFideId "14101572"]
[BlackFideId "13301918"]
[EventDate "2022.10.05"]

1. d4 Nf6 2. c4 e6 3. Nc3 Bb4 4. Qc2 O-O 5. a3 Bxc3+ 6. Qxc3 d5 7. Nf3 Nbd7 8.
Bg5 h6 9. Bxf6 Nxf6 10. e3 b6 11. Be2 Bb7 12. O-O Qe7 13. Rac1 dxc4 14. Qxc4
Rfc8 15. Qb5 c6 16. Qa4 c5 17. Rfd1 Bc6 18. Qa6 Bb7 19. Qa4 Bc6 20. Qa6 Bb7 21.
Qa4 1/2-1/2

[Event "ch-USA w 2022"]
[Site "Saint Louis USA"]
[Date "2022.10.06"]
[Round "2.7"]
[White "Wu, Rochelle"]
[Black "Eswaran, Ashritha"]
[Result "1-0"]
[WhiteTitle "FM"]
[BlackTitle "FM"]
[WhiteElo "2317"]
[BlackElo "2365"]
[WhiteFideId "30908132"]
[BlackFideId "2080788"]
[EventDate "2022.10.05"]

1. d4 Nf6 2. c4 e6 3. Nc3 Bb4 4. Qc2 O-O 5. e4 d5 6. e5 Ne4 7. Bd3 c5 8. Ne2
cxd4 9. Nxd4 Nd7 10. Bf4 Ndc5 11. O-O Bxc3 12. bxc3 Bd7 13. Be2 Na4 14. cxd5
exd5 15. c4 Rc8 16. f3 Nec3 17. Bd3 g6 18. Bd2 Nb5 19. Qxa4 Nxd4 20. Qxa7 Nc6
21. Qe3 dxc4 22. Bc2 Be6 23. Bc3 Ne7 24. Be4 Qc7 25. Rfd1 Rcd8 26. Bb4 Rxd1+ 27.
Rxd1 Ra8 28. Rd2 Re8 29. Bc3 b5 30. Qd4 Kg7 31. g4 Rc8 32. Qd6 Nc6 33. Qxc7 Rxc7
34. a3 Ne7 35. Kf2 Ra7 36. Bb4 g5 37. Bc5 Rc7 38. Bd6 Ra7 39. Rb2 Nd5 40. Bxd5
Bxd5 41. Rxb5 Be6 42. Ke3 c3 43. Rb8 f5 44. exf6+ Kxf6 45. Kd3 Bc4+ 46. Kxc3 Be2
47. Rb2 Bd1 48. Rd2 Ba4 49. Bc5 Rb7 50. Bb4 Ke5 51. Rd4 Rc7+ 52. Kd3 Bb5+ 53.
Ke3 Rc2 54. Rd2 Rc1 55. Kf2 h6 56. Bf8 Kf6 57. Bxh6 Rc3 58. Bxg5+ Ke6 59. Be3
Rxa3 60. h4 Bc6 61. h5 Ke5 62. h6 Ra8 63. h7 1-0

[Event "ch-USA w 2022"]
[Site "Saint Louis USA"]
[Date "2022.10.07"]
[Round "3.1"]
[White "Cervantes Landeiro, Thalia"]
[Black "Lee, Alice"]
[Result "1/2-1/2"]
[WhiteTitle "FM"]
[BlackTitle "FM"]
[WhiteElo "2272"]
[BlackElo "2263"]
[WhiteFideId "3520498"]
[BlackFideId "30941822"]
[EventDate "2022.10.05"]

1. d4 d5 2. c4 c6 3. Nf3 Nf6 4. e3 Bf5 5. Nc3 e6 6. Nh4 Be4 7. f3 Bg6 8. Qb3 Qc7
9. Bd2 Be7 10. O-O-O dxc4 11. Bxc4 a6 12. Nxg6 hxg6 13. Ne4 b5 14. Be2 Nbd7 15.
Kb1 Rc8 16. Be1 c5 17. Bg3 Qc6 18. Nxc5 Nxc5 19. dxc5 Bxc5 20. Be5 O-O 21. h4
Rfd8 22. Rxd8+ Rxd8 23. Rc1 Rd5 24. Bxf6 gxf6 25. Qc3 Qd7 26. h5 Be7 27. hxg6
fxg6 28. f4 Rc5 29. Qb3 Rxc1+ 30. Kxc1 Qc6+ 31. Kd1 Qe4 32. Bf3 Qb1+ 33. Ke2 Kf7
34. a3 f5 35. g4 Bf6 36. gxf5 gxf5 37. Bh5+ Ke7 38. Qb4+ Kd7 39. Qd2+ Ke7 40.
Qb4+ Kd7 41. Qd2+ Ke7 42. Qb4+ 1/2-1/2

[Event "ch-USA w 2022"]
[Site "Saint Louis USA"]
[Date "2022.10.07"]
[Round "3.2"]
[White "Foisor, Sabina-Francesca"]
[Black "Zatonskih, Anna"]
[Result "1/2-1/2"]
[WhiteTitle "WGM"]
[BlackTitle "IM"]
[WhiteElo "2203"]
[BlackElo "2368"]
[WhiteFideId "1212915"]
[BlackFideId "14101572"]
[EventDate "2022.10.05"]

1. d4 d5 2. c4 e6 3. Nc3 Nf6 4. Nf3 Be7 5. cxd5 exd5 6. Bf4 c6 7. h3 Nbd7 8. e3
O-O 9. Bd3 Re8 10. O-O Nf8 11. Qc2 Ng6 12. Bh2 Bd6 13. Bxd6 Qxd6 14. Rab1 Bd7
15. b4 a6 16. Na4 Qe7 17. Nc5 Bc8 18. a4 Ne4 19. b5 axb5 20. axb5 f5 21. bxc6
bxc6 22. Ra1 Rxa1 23. Rxa1 Qc7 24. Ra8 Bd7 25. Qa2 Rxa8 26. Qxa8+ Qc8 27. Qxc8+
Bxc8 28. Bxe4 dxe4 29. Nd2 Kf7 30. g4 fxg4 31. Ndxe4 Ke7 32. hxg4 Bxg4 33. Kg2
h5 34. Kg3 Bc8 35. f3 Bf5 36. Ng5 Kf6 37. Nh7+ Ke7 38. Ng5 Kf6 39. Nh7+ Ke7 40.
Ng5 1/2-1/2

[Event "ch-USA w 2022"]
[Site "Saint Louis USA"]
[Date "2022.10.07"]
[Round "3.3"]
[White "Yan, Ruiyang"]
[Black "Morris-Suzuki, Sophie"]
[Result "1-0"]
[WhiteTitle "FM"]
[BlackTitle "WFM"]
[WhiteElo "2220"]
[BlackElo "2126"]
[WhiteFideId "30919860"]
[BlackFideId "30922615"]
[EventDate "2022.10.05"]

1. e4 c5 2. Nf3 e6 3. d4 cxd4 4. Nxd4 Nf6 5. Nc3 d6 6. Be3 a6 7. f3 b5 8. Qd2
Bb7 9. a4 b4 10. Na2 d5 11. e5 Nfd7 12. f4 Nc5 13. Bd3 Nxd3+ 14. cxd3 Nc6 15.
Nc1 Na5 16. O-O Bc5 17. Ncb3 Nxb3 18. Nxb3 Be7 19. Bd4 O-O 20. Qf2 Bc6 21. Bc5
Bxc5 22. Qxc5 Qd7 23. Qd4 a5 24. Rfc1 Rfc8 25. Nc5 Qa7 26. Qf2 Qe7 27. d4 b3 28.
Qd2 Qe8 29. Nxb3 Bxa4 30. Rxc8 Rxc8 31. Nc5 Bc6 32. Rxa5 Qd8 33. b3 Ra8 34. b4
Qb6 35. Rxa8+ Bxa8 36. Qa2 Bc6 37. Qa5 Qb8 38. h3 h5 39. Kf2 Bb5 40. g4 hxg4 41.
hxg4 Qe8 42. Qb6 Bc4 43. Kg3 Kh7 44. Qc7 Kg6 45. Qd7 Qxd7 46. Nxd7 f6 47. Nb6
Be2 48. Nc8 fxe5 49. fxe5 Kf7 50. b5 Ke8 51. b6 Kd7 52. Nd6 Ba6 53. b7 Kc7 54.
Ne8+ Kxb7 55. Nxg7 Kc6 56. Nxe6 Bd3 57. Kf4 Be2 58. Nc5 Kc7 59. g5 Kd8 60. e6
Ke7 61. Ke5 Bf3 62. g6 Kf8 63. Kf6 Bh5 64. Nd3 1-0

[Event "ch-USA w 2022"]
[Site "Saint Louis USA"]
[Date "2022.10.07"]
[Round "3.4"]
[White "Eswaran, Ashritha"]
[Black "Paikidze, Nazi"]
[Result "1/2-1/2"]
[WhiteTitle "FM"]
[BlackTitle "IM"]
[WhiteElo "2365"]
[BlackElo "2354"]
[WhiteFideId "2080788"]
[BlackFideId "13603620"]
[EventDate "2022.10.05"]

1. e4 c6 2. Nc3 d5 3. Nf3 Bg4 4. h3 Bxf3 5. Qxf3 e6 6. Be2 Nf6 7. O-O Nbd7 8. d4
dxe4 9. Nxe4 Nxe4 10. Qxe4 Nf6 11. Qd3 Qc7 12. Rd1 Be7 13. a4 a5 14. Bd2 O-O 15.
Be1 Rfd8 16. Qc4 Rd7 17. Bf3 Rad8 18. c3 e5 19. dxe5 Qxe5 20. Qe2 Qxe2 21. Bxe2
Nd5 22. g3 Bf6 23. Bf3 Nb6 24. Rxd7 Nxd7 25. Ra2 Ne5 26. Be2 Nd3 27. Bxd3 Rxd3
28. Ra3 Be7 29. Ra1 f5 30. Kf1 Kf7 31. Ke2 Rd7 32. b4 axb4 33. cxb4 Bf6 34. Rc1
Rd5 35. a5 Re5+ 36. Kf1 Rb5 37. a6 bxa6 38. Rxc6 Be7 39. Rxa6 Bxb4 40. Bxb4 Rxb4
41. Ke2 Rb3 42. h4 h5 43. Kf1 g6 44. Kg2 Rc3 45. Rb6 Rd3 46. Ra6 Rc3 47. Rb6 Rd3
48. Ra6 Rc3 1/2-1/2

[Event "ch-USA w 2022"]
[Site "Saint Louis USA"]
[Date "2022.10.07"]
[Round "3.5"]
[White "Tokhirjonova, Gulrukhbegim"]
[Black "Wu, Rochelle"]
[Result "1-0"]
[WhiteTitle "WGM"]
[BlackTitle "FM"]
[WhiteElo "2336"]
[BlackElo "2317"]
[WhiteFideId "14203626"]
[BlackFideId "30908132"]
[EventDate "2022.10.05"]

1. e4 c5 2. Nc3 d6 3. f4 g6 4. Bb5+ Bd7 5. Bc4 Bg7 6. Nf3 Nc6 7. d3 e6 8. f5 Nd4
9. fxe6 fxe6 10. O-O Qb6 11. Ng5 Nf6 12. Ne2 Nxe2+ 13. Qxe2 e5 14. a4 Ke7 15. a5
Qc7 16. b4 Raf8 17. bxc5 dxc5 18. d4 h6 19. Nf3 exd4 20. Nh4 Be8 21. Bf4 Qd7 22.
Bb8 Nh5 23. Bxa7 Qd6 24. Rab1 Rxf1+ 25. Qxf1 Be5 26. Rxb7+ Kd8 27. Nf3 Rf8 28.
Bb6+ Kc8 29. Ba6 Bxh2+ 30. Nxh2 Rxf1+ 31. Nxf1 Bd7 32. Nd2 d3 33. c3 Ng3 34.
Ra7+ Kb8 35. Rb7+ Kc8 36. Ra7+ Kb8 37. Bc7+ Kxa7 38. Bxd6 Ne2+ 39. Kf2 Kxa6 40.
c4 Kxa5 41. Bxc5 h5 42. Ke3 Ka4 43. Bd6 Nc1 44. Nf3 Be6 45. Kd2 Nb3+ 46. Kxd3
Na5 47. Ne5 g5 48. Be7 g4 49. Kd4 Nb3+ 50. Kc3 Nc1 51. Nd3 Nxd3 52. Kxd3 Ka5 53.
Kd4 Kb6 54. c5+ Kc6 55. g3 Ba2 56. Ke3 Kd7 57. Bd6 Bf7 58. Kf4 Ke6 59. Kg5 Be8
60. Bf4 Ke7 61. Kf5 Bd7+ 62. Ke5 Bc6 63. Bg5+ Kd7 64. Kf5 Bb7 65. e5 Kc6 66. Be7
Kd5 67. Bd6 h4 68. gxh4 g3 69. e6 g2 70. Bh2 Kxc5 71. h5 Ba6 72. h6 Kc6 73. Kf6
Bd3 74. Kf7 1-0

[Event "ch-USA w 2022"]
[Site "Saint Louis USA"]
[Date "2022.10.07"]
[Round "3.6"]
[White "Abrahamyan, Tatev"]
[Black "Yu, Jennifer"]
[Result "1-0"]
[WhiteTitle "WGM"]
[BlackTitle "FM"]
[WhiteElo "2308"]
[BlackElo "2297"]
[WhiteFideId "13301918"]
[BlackFideId "2078341"]
[EventDate "2022.10.05"]

1. e4 e5 2. Nf3 Nc6 3. Bc4 Bc5 4. c3 Nf6 5. d3 h6 6. O-O d6 7. Re1 O-O 8. h3 a6
9. Bb3 Re8 10. Nbd2 Be6 11. Bc2 Ba7 12. Nf1 d5 13. exd5 Bxd5 14. Ng3 Nh7 15. Qe2
Qd7 16. Nh4 Be6 17. Qh5 Nf6 18. Qf3 Bd5 19. Ne4 Nh7 20. Qh5 Ne7 21. Be3 f5 22.
Bxa7 Rxa7 23. Nc5 Qc6 24. Rxe5 Nf6 25. Qe2 Qxc5 26. Re1 g5 27. Nxf5 Nxf5 28.
Rxe8+ Nxe8 29. Qxe8+ Qf8 30. Qg6+ Ng7 31. d4 Ra8 32. Qxh6 Qf4 33. Bh7+ Kf8 34.
Bd3 Bf7 35. Qh8+ Bg8 36. Bc4 Qf7 37. Bxf7 Kxf7 38. Qh6 1-0

[Event "ch-USA w 2022"]
[Site "Saint Louis USA"]
[Date "2022.10.08"]
[Round "4.2"]
[White "Lee, Alice"]
[Black "Yan, Ruiyang"]
[Result "1/2-1/2"]
[WhiteTitle "FM"]
[BlackTitle "FM"]
[WhiteElo "2263"]
[BlackElo "2220"]
[WhiteFideId "30941822"]
[BlackFideId "30919860"]
[EventDate "2022.10.05"]

1. d4 Nf6 2. c4 e6 3. Nf3 d5 4. Nc3 a6 5. cxd5 exd5 6. Bg5 Be6 7. Bxf6 Qxf6 8.
Qb3 Ra7 9. a3 Qd8 10. h4 h6 11. Qc2 Nd7 12. e4 dxe4 13. Qxe4 Nf6 14. Qe3 Ng4 15.
Qe2 c6 16. d5 cxd5 17. Nd4 Nf6 18. O-O-O Qc8 19. Kb1 Bc5 20. Nxe6 Qxe6 21. Nxd5
Nxd5 22. Rxd5 Qxe2 23. Bxe2 b6 24. Rhd1 O-O 25. f3 a5 26. Bc4 g6 27. Rd7 Rxd7
28. Rxd7 h5 29. Rb7 Kg7 30. Kc2 Bd4 31. Kb3 Bf2 32. Ka4 Bd4 33. b3 Bc5 34. Bd5
Kf6 35. Rd7 Be7 36. Rb7 Bc5 37. Bc4 g5 38. hxg5+ Kxg5 39. Bxf7 Kh4 40. b4 axb4
41. axb4 Be3 42. Re7 Bf2 43. Bd5 Rd8 44. Re5 Kg3 45. Rxh5 Kxg2 46. Rg5+ Kh3 47.
Be6+ Kh4 48. Rg4+ Kh5 49. Rg2 Be3 50. Bf7+ Kh6 51. Rg6+ Kh7 52. Re6 Bf2 53. Be8
Kg7 54. Kb5 Rd5+ 55. Ka6 Rf5 56. Bc6 Rf6 57. Re2 Bd4 58. b5 Rf7 59. Re4 Bc5 60.
Rc4 Kf6 61. f4 Re7 62. Be4 Rd7 63. Bc6 Rd4 64. Rxc5 bxc5 65. b6 Rd8 66. b7 Ke6
67. Kb6 Kd6 68. Bb5 Rb8 69. Bc4 Rh8 70. Bd3 Rb8 71. f5 Rf8 72. Be2 Ke5 73. Bd3
c4 74. Bc2 Kd6 75. Bd1 c3 76. Bc2 Rb8 77. Bd3 Rf8 78. Be4 Rb8 79. Bc2 Rf8 80.
Bb3 Rb8 81. Ba4 Rf8 82. Bd1 Rb8 83. Bb3 Rf8 84. f6 Rb8 85. f7 Ke7 86. Kc7 Rxb7+
87. Kxb7 c2 88. Bxc2 Kxf7 1/2-1/2

[Event "ch-USA w 2022"]
[Site "Saint Louis USA"]
[Date "2022.10.08"]
[Round "4.3"]
[White "Wu, Rochelle"]
[Black "Cervantes Landeiro, Thalia"]
[Result "1/2-1/2"]
[WhiteTitle "FM"]
[BlackTitle "FM"]
[WhiteElo "2317"]
[BlackElo "2272"]
[WhiteFideId "30908132"]
[BlackFideId "3520498"]
[EventDate "2022.10.05"]

1. d4 Nf6 2. c4 g6 3. Nc3 d5 4. cxd5 Nxd5 5. Bd2 Bg7 6. e4 Nxc3 7. Bxc3 O-O 8.
Qd2 Nd7 9. h4 Nf6 10. Bd3 c5 11. d5 e6 12. d6 e5 13. Bc2 Bd7 14. Ne2 Ng4 15. h5
Qf6 16. f4 b5 17. b3 b4 18. Bb2 Bb5 19. O-O-O Bxe2 20. Qxe2 Qxf4+ 21. Kb1 Nf6
22. hxg6 hxg6 23. Qc4 Nd7 24. Rdf1 Qd2 25. Rd1 Qg5 26. Bd3 Rac8 27. Qc2 Qf6 28.
Bb5 Nb6 29. d7 Rc7 30. Qd3 Rd8 31. Qh3 a6 32. Rdf1 Qe6 33. Qxe6 fxe6 34. Bxa6
Rcxd7 35. Rc1 Rc7 36. Rhd1 Rxd1 37. Rxd1 c4 38. Rd6 c3 39. Bc1 Nd7 40. Bc4 Nc5
41. Be3 Nxe4 42. Rxe6 Kh7 43. Bd3 Nd2+ 44. Kc2 e4 45. Bxe4 Nxe4 46. Rxe4 Bf8 47.
Rc4 Re7 48. Kd3 Rd7+ 49. Rd4 Rf7 50. Rf4 Rd7+ 51. Rd4 Rb7 52. Rd8 Bg7 53. Bd4
Rc7 54. Kc2 Rf7 55. Bc5 Rf5 56. Rc8 Rg5 57. Bxb4 Rxg2+ 58. Kd3 Rd2+ 59. Ke3 Rxa2
60. Bxc3 Bxc3 61. Rxc3 Rb2 62. Kf3 Kh6 63. Kg3 Rb1 64. Kg4 Rb2 65. Kg3 Rb1 66.
Kg4 Rb2 67. Kg3 Rb1 68. Kg4 1/2-1/2